000
003350000a22001450004500
005
20120302064935.0
942
_c
BOOK
100
_a
Sathe,Rajas
245
_a
Laxumbai phasayache naye
250
_a
1st
260
_a
Pune:Swachanda prakashan,1989.
040
_a
Mar
365
_b
20/-
650
_a
Natak,Laxumbai phasavayache nay
999
_c
363489
_d
363486